[Event "EYCC 2017"]
[Site "Mamaia"]
[Date "2017.09.14"]
[Round "9"]
[White "Balajayeva, Khanim"]
[Black "Kubicka, Anna"]
[Result "1-0"]
[WhiteElo "2342"]
[BlackElo "2221"]
[Annotator "TA"]
[PlyCount "61"]
[EventDate "2017.??.??"]
[EventType "swiss"]
[EventCountry "ROU"]
[SourceTitle "playchess.com"]
[Source "ChessBase"]
[SourceQuality "1"]

1. e4 d6 2. d4 Nf6 3. Nc3 Nbd7 4. Nf3 e5 5. Bc4 Be7 6. O-O O-O 7. Re1 c6 8. a4 Qc7 9. h3 b6 10. Ba2 a5 11. Bg5 h6 12. Be3 exd4 13. Nxd4 Nc5 14. Qf3 Bd7 15. g4 Nh7 16. Qg3 Bf6 17. Rad1 Ng5 18. f3 Be5 19. f4 Ngxe4 20. Nxe4 Nxe4 21. Qf3 Bxd4 22. Bxd4 Nc5 23. f5 Rae8 24. Qf4 Qd8 25. Rxe8 Rxe8 26. Qxd6 Ne4 27. Qg6 Qg5 28. Bxf7+ Kf8 29. Bxg7+ Ke7 30. Rxd7+ Kxd7 31. Bxe8+ 1-0

[Event "EYCC 2017"]
[Site "Mamaia"]
[Date "2017.09.14"]
[Round "9"]
[White "Badelka, Olga"]
[Black "Sargsyan, Anna M"]
[Result "1/2-1/2"]
[WhiteElo "2335"]
[BlackElo "2047"]
[Annotator "TA"]
[PlyCount "23"]
[EventDate "2017.??.??"]
[EventType "swiss"]
[EventCountry "ROU"]
[SourceTitle "playchess.com"]
[Source "ChessBase"]
[SourceQuality "1"]

1. c4 c6 2. e4 d5 3. exd5 cxd5 4. d4 Nf6 5. Nc3 e6 6. c5 Be7 7. Bf4 O-O 8. Nf3 b6 9. b4 a5 10. Na4 Nbd7 11. a3 Ne4 12. Be2 1/2-1/2

[Event "EYCC 2017"]
[Site "Mamaia"]
[Date "2017.09.14"]
[Round "9"]
[White "Tokranovs, Dmitrijs"]
[Black "Sorokin, Aleksey"]
[Result "1/2-1/2"]
[WhiteElo "2334"]
[BlackElo "2486"]
[Annotator "TA"]
[PlyCount "74"]
[EventDate "2017.??.??"]
[EventType "swiss"]
[EventCountry "ROU"]
[SourceTitle "playchess.com"]
[Source "ChessBase"]
[SourceQuality "1"]

1. e4 c5 2. c3 Nf6 3. e5 Nd5 4. Bc4 Nb6 5. Bb3 Nc6 6. Nf3 c4 7. Bc2 Qc7 8. O-O e6 9. Re1 d6 10. exd6 Bxd6 11. d4 cxd3 12. Qxd3 Bd7 13. Nbd2 O-O-O 14. Ne4 Be7 15. Qe2 h6 16. Be3 e5 17. Nc5 Bxc5 18. Bxc5 Be6 19. Bxb6 Qxb6 20. Bb3 Rhe8 21. Bxe6+ Rxe6 22. Rad1 Red6 23. Rxd6 Rxd6 24. Qc4 Qxb2 25. Qxf7 Qxc3 26. Qf8+ Rd8 27. Qxg7 Qa5 28. h4 Qxa2 29. Nxe5 Qe6 30. Rc1 Rg8 31. Nxc6 Rxg7 32. Nd4+ Kd7 33. Rc7+ Kd6 34. Nxe6 Rxc7 35. Nxc7 Kxc7 36. g4 Kd6 37. Kf1 Ke5 1/2-1/2

[Event "EYCC 2017"]
[Site "Mamaia"]
[Date "2017.09.14"]
[Round "9"]
[White "Radovic, Janko"]
[Black "Tica, Sven"]
[Result "1-0"]
[WhiteElo "2330"]
[BlackElo "2389"]
[Annotator "TA"]
[PlyCount "55"]
[EventDate "2017.??.??"]
[EventType "swiss"]
[EventCountry "ROU"]
[SourceTitle "playchess.com"]
[Source "ChessBase"]
[SourceQuality "1"]

1. e4 c6 2. d4 d5 3. e5 Bf5 4. h4 Qc7 5. c4 e6 6. Nc3 h6 7. Nge2 Ne7 8. Ng3 Bh7 9. Bd3 Bxd3 10. Qxd3 Nd7 11. b3 a6 12. O-O dxc4 13. bxc4 Rd8 14. f4 g6 15. Nce4 Nc8 16. h5 Be7 17. hxg6 fxg6 18. Ng5 Nxe5 19. fxe5 hxg5 20. c5 Rg8 21. Qb3 Rd5 22. Ne4 Rh8 23. Bxg5 Bxg5 24. Nxg5 Qe7 25. Rf6 Rxe5 26. dxe5 Qxc5+ 27. Rf2 Qxe5 28. Qxe6+ 1-0

[Event "EYCC 2017"]
[Site "Mamaia"]
[Date "2017.09.14"]
[Round "9"]
[White "Stoleriu, George"]
[Black "Vrolijk, Liam"]
[Result "1-0"]
[WhiteElo "2315"]
[BlackElo "2418"]
[Annotator "TA"]
[PlyCount "81"]
[EventDate "2017.??.??"]
[EventType "swiss"]
[EventCountry "ROU"]
[SourceTitle "playchess.com"]
[Source "ChessBase"]
[SourceQuality "1"]

1. d4 Nf6 2. Bg5 e6 3. Nd2 d5 4. e3 c5 5. c3 Nc6 6. Ngf3 h6 7. Bh4 g5 8. Bg3 Nh5 9. Be5 f6 10. Bg3 Nxg3 11. hxg3 Kf7 12. Bd3 Kg7 13. Qe2 cxd4 14. Nxd4 Bd6 15. O-O-O Bd7 16. Kb1 Qe7 17. Nb5 Bc5 18. Nb3 Bb6 19. e4 dxe4 20. Bxe4 f5 21. Bxf5 Raf8 22. g4 a6 23. Na3 Bc8 24. Bc2 Rxf2 25. Qe4 Qf6 26. Nc4 Rf4 27. Qd3 Bc7 28. Nc5 b5 29. Nd6 Ne5 30. Ne8+ Rxe8 31. Qh7+ Kf8 32. Qxc7 Nf7 33. g3 Rxg4 34. Rhf1 Qe7 35. Nd7+ Kg7 36. Nf6 Rc4 37. Nxe8+ Qxe8 38. Qa7 e5 39. Rd8 Qe6 40. Rd6 Qe8 41. Rg6+ 1-0

[Event "EYCC 2017"]
[Site "Mamaia"]
[Date "2017.09.14"]
[Round "9"]
[White "Stefansson, Vignir Vatnar"]
[Black "Mis, Mieszko"]
[Result "1/2-1/2"]
[WhiteElo "2312"]
[BlackElo "2245"]
[Annotator "TA"]
[PlyCount "76"]
[EventDate "2017.??.??"]
[EventType "swiss"]
[EventCountry "ROU"]
[SourceTitle "playchess.com"]
[Source "ChessBase"]
[SourceQuality "1"]

1. e4 c5 2. Nf3 d6 3. Bb5+ Nc6 4. Nc3 Bd7 5. O-O Nf6 6. Bxc6 Bxc6 7. Qe2 g6 8. d4 cxd4 9. Nxd4 Bg7 10. e5 dxe5 11. Nxc6 bxc6 12. Qxe5 O-O 13. Qc5 Qd6 14. Be3 Ng4 15. Qxd6 exd6 16. Bf4 Ne5 17. Na4 Rfe8 18. Rad1 d5 19. b3 Nd7 20. Be3 f5 21. Rfe1 Kf7 22. Kf1 Nb6 23. Nxb6 axb6 24. a4 Reb8 25. Bd4 Bxd4 26. Rxd4 b5 27. axb5 Rxb5 28. g4 Ra2 29. gxf5 gxf5 30. Rh4 Rxc2 31. Rxh7+ Kg6 32. Rh3 Rb2 33. Re6+ Kg5 34. Rxc6 R5xb3 35. Rxb3 Rxb3 36. Rd6 Rb5 37. Kg2 f4 38. Rd8 Ra5 1/2-1/2

[Event "EYCC 2017"]
[Site "Mamaia"]
[Date "2017.09.14"]
[Round "9"]
[White "Akhvlediani, Irakli"]
[Black "Haldorsen, Benjamin"]
[Result "1/2-1/2"]
[WhiteElo "2303"]
[BlackElo "2397"]
[Annotator "TA"]
[PlyCount "48"]
[EventDate "2017.??.??"]
[EventType "swiss"]
[EventCountry "ROU"]
[SourceTitle "playchess.com"]
[Source "ChessBase"]
[SourceQuality "1"]

1. d4 d5 2. c4 dxc4 3. e4 Nf6 4. e5 Nd5 5. Bxc4 Nb6 6. Bb3 Nc6 7. Be3 Bf5 8. Nf3 e6 9. Nc3 Nb4 10. O-O Be7 11. Rc1 c6 12. Qd2 O-O 13. h3 Bg6 14. Ne1 Rc8 15. a3 N4d5 16. Nd3 Nxc3 17. Rxc3 Nd5 18. Rcc1 b6 19. Bxd5 cxd5 20. Rxc8 Qxc8 21. Rc1 Qd7 22. Qc3 Bxd3 23. Qxd3 Rc8 24. Qf1 h6 1/2-1/2

[Event "EYCC 2017"]
[Site "Mamaia"]
[Date "2017.09.14"]
[Round "9"]
[White "Lazov, Toni"]
[Black "Morozov, Nichita"]
[Result "0-1"]
[WhiteElo "2289"]
[BlackElo "2461"]
[Annotator "TA"]
[PlyCount "100"]
[EventDate "2017.??.??"]
[EventType "swiss"]
[EventCountry "ROU"]
[SourceTitle "playchess.com"]
[Source "ChessBase"]
[SourceQuality "1"]

1. e4 g6 2. d4 Bg7 3. Nc3 d6 4. f4 Nf6 5. Nf3 c5 6. Bb5+ Bd7 7. e5 Ng4 8. Bxd7+ Qxd7 9. h3 cxd4 10. Qxd4 Nh6 11. Qf2 Nc6 12. Bd2 dxe5 13. fxe5 Qf5 14. Qh4 Qxc2 15. Rc1 Qxb2 16. Rb1 Qc2 17. Rc1 g5 18. Qxg5 Qg6 19. Qf4 O-O 20. Nd5 Qd3 21. Ne3 Rfd8 22. Bc3 e6 23. Kf2 Nf5 24. Nxf5 Qxf5 25. Qxf5 exf5 26. Rhd1 Kf8 27. Rb1 b6 28. Bb2 Ke8 29. Ke3 Bh6+ 30. Ke2 Bf4 31. Nh4 Bxe5 32. Bxe5 Nxe5 33. Nxf5 f6 34. Rxd8+ Rxd8 35. Rc1 Kf7 36. Rc7+ Rd7 37. Rc8 h5 38. Rh8 Ng6 39. Rh7+ Ke6 40. Ng7+ Ke5 41. Rxh5+ Ke4 42. Rh7 Nf4+ 43. Kf1 Rd1+ 44. Kf2 Rd2+ 45. Kf1 Nxg2 46. Kg1 Rxa2 47. Ne8 f5 48. Nd6+ Kf4 49. h4 Ne3 50. h5 Kf3 0-1

[Event "EYCC 2017"]
[Site "Mamaia"]
[Date "2017.09.14"]
[Round "9"]
[White "Askerov, Marat"]
[Black "Vykouk, Jan"]
[Result "1-0"]
[WhiteElo "2281"]
[BlackElo "2440"]
[Annotator "TA"]
[PlyCount "111"]
[EventDate "2017.??.??"]
[EventType "swiss"]
[EventCountry "ROU"]
[SourceTitle "playchess.com"]
[Source "ChessBase"]
[SourceQuality "1"]

1. d4 Nf6 2. c4 e6 3. Nf3 b6 4. g3 Ba6 5. Qb3 Nc6 6. Nbd2 d5 7. cxd5 Qxd5 8. Qxd5 Nxd5 9. a3 g6 10. b3 Bg7 11. Bb2 O-O-O 12. Rc1 Nde7 13. e3 Bxf1 14. Kxf1 h6 15. Ke2 Kb7 16. Rc2 Rhg8 17. Rhc1 Rd7 18. g4 Bh8 19. h4 a6 20. g5 h5 21. Ne4 Rc8 22. Nf6 Rdd8 23. b4 Nb8 24. Ne5 Rf8 25. Nh7 Rg8 26. Nxf7 Rg7 27. Rxc7+ Rxc7 28. Nd6+ Ka8 29. Rxc7 Rxh7 30. a4 b5 31. axb5 axb5 32. Nxb5 Nbc6 33. Nd6 Nxb4 34. Nc8 Nbd5 35. Rd7 Kb8 36. Nxe7 Nxe7 37. Ba3 Kc8 38. Rxe7 Rxe7 39. Bxe7 Bg7 40. Kd3 Kd7 41. Bb4 Kc6 42. Ke4 Kb5 43. Be7 Kc6 44. f4 Kd7 45. Bb4 Kc6 46. Ba3 Kd7 47. Kd3 Kc6 48. Kc4 Kd7 49. e4 Kc6 50. Bc5 Kd7 51. d5 Bb2 52. Bd4 Bc1 53. f5 exf5 54. exf5 gxf5 55. g6 Ke8 56. d6 1-0

[Event "EYCC 2017"]
[Site "Mamaia"]
[Date "2017.09.14"]
[Round "9"]
[White "Diakonova, Ekaterina"]
[Black "Olde, Margareth"]
[Result "1/2-1/2"]
[WhiteElo "2276"]
[BlackElo "2161"]
[Annotator "TA"]
[PlyCount "82"]
[EventDate "2017.??.??"]
[EventType "swiss"]
[EventCountry "ROU"]
[SourceTitle "playchess.com"]
[Source "ChessBase"]
[SourceQuality "1"]

1. e4 c5 2. Nf3 e6 3. d4 cxd4 4. Nxd4 Nc6 5. Nb5 d6 6. c4 Nf6 7. N1c3 a6 8. Na3 Be7 9. Be2 O-O 10. O-O b6 11. Be3 Ne5 12. Qb3 Ned7 13. Rfd1 Qc7 14. f3 Bb7 15. Rac1 Rac8 16. Kh1 Rfd8 17. Qc2 Qb8 18. Qb1 d5 19. exd5 exd5 20. cxd5 b5 21. b4 Bd6 22. Bg1 Be5 23. Qb3 Bxc3 24. Rxc3 Rxc3 25. Qxc3 Nxd5 26. Qb3 N7f6 27. Bd3 Nf4 28. Bf5 Bd5 29. Qb1 Ne2 30. Qd3 Nxg1 31. Kxg1 g6 32. Qd4 Qd6 33. Be4 Rd7 34. Bxd5 Qxd5 35. Qxd5 Nxd5 36. Kf2 Kf8 37. Nc2 Ke7 38. a3 Nb6 39. Rxd7+ Kxd7 40. Ke3 Kd6 41. Kd4 Nd5 1/2-1/2

[Event "EYCC 2017"]
[Site "Mamaia"]
[Date "2017.09.14"]
[Round "9"]
[White "Cvitan, Ena"]
[Black "Shafigullina, Zarina"]
[Result "0-1"]
[WhiteElo "2270"]
[BlackElo "2130"]
[Annotator "TA"]
[PlyCount "70"]
[EventDate "2017.??.??"]
[EventType "swiss"]
[EventCountry "ROU"]
[SourceTitle "playchess.com"]
[Source "ChessBase"]
[SourceQuality "1"]

1. d4 Nf6 2. c4 e6 3. a3 d5 4. Nc3 c6 5. cxd5 exd5 6. Nf3 Bg4 7. Ne5 Bf5 8. Bg5 Be7 9. e3 Nbd7 10. g4 Be6 11. Rg1 Nxe5 12. dxe5 Nd7 13. Bxe7 Qxe7 14. Qd4 Qg5 15. O-O-O Qxe5 16. f4 Qxd4 17. exd4 Nb6 18. Bd3 O-O-O 19. h4 Bd7 20. f5 Rde8 21. Rg3 Nc4 22. Bxc4 dxc4 23. d5 Re5 24. Rd4 b5 25. a4 a6 26. axb5 axb5 27. Ne4 Rxd5 28. Nd6+ Kc7 29. Nxf7 Rf8 30. Rxd5 cxd5 31. Ne5 Re8 32. Nf3 Re3 33. h5 h6 34. Kd2 d4 35. Rh3 b4 0-1

[Event "EYCC 2017"]
[Site "Mamaia"]
[Date "2017.09.14"]
[Round "9"]
[White "Yeritsyan, Aram"]
[Black "Gharibyan, Mamikon"]
[Result "1-0"]
[WhiteElo "2264"]
[BlackElo "2365"]
[Annotator "TA"]
[PlyCount "55"]
[EventDate "2017.??.??"]
[EventType "swiss"]
[EventCountry "ROU"]
[SourceTitle "playchess.com"]
[Source "ChessBase"]
[SourceQuality "1"]

1. e4 e5 2. Bc4 Nc6 3. Nc3 Nf6 4. d3 Bc5 5. f4 d6 6. Nf3 Bg4 7. Na4 Bxf3 8. Qxf3 Nd4 9. Qd1 b5 10. Bxf7+ Kxf7 11. Nxc5 dxc5 12. fxe5 Nxe4 13. O-O+ Kg8 14. dxe4 Qe8 15. c3 Ne6 16. Be3 h6 17. Qg4 Kh7 18. Rf5 Rd8 19. Raf1 Qg6 20. Qh4 Rhf8 21. Bxc5 Rfe8 22. Be3 Rd3 23. R5f3 Red8 24. Rg3 Qe8 25. Qg4 h5 26. Rh3 Rxe3 27. Rxh5+ Kg8 28. Qh4 1-0

[Event "EYCC 2017"]
[Site "Mamaia"]
[Date "2017.09.14"]
[Round "9"]
[White "Krstulovic, Alex"]
[Black "Van Dael, Siem"]
[Result "1-0"]
[WhiteElo "2261"]
[BlackElo "2319"]
[Annotator "TA"]
[PlyCount "87"]
[EventDate "2017.??.??"]
[EventType "swiss"]
[EventCountry "ROU"]
[SourceTitle "playchess.com"]
[Source "ChessBase"]
[SourceQuality "1"]

1. d4 Nf6 2. c4 g6 3. Nc3 Bg7 4. e4 d6 5. Nf3 O-O 6. Be2 e5 7. O-O Nc6 8. d5 Ne7 9. Bg5 h6 10. Bxf6 Bxf6 11. b4 Bg7 12. Nd2 f5 13. c5 Rf7 14. cxd6 cxd6 15. Nc4 fxe4 16. Nxe4 Rf4 17. Nexd6 Rd4 18. Qb3 Nxd5 19. Rad1 Be6 20. Nxb7 Qg5 21. Rxd4 exd4 22. Nc5 Re8 23. Bf3 Kh7 24. h4 Qd8 25. h5 Bf7 26. Nb7 Qf6 27. Nbd6 Rd8 28. hxg6+ Bxg6 29. Bxd5 Rxd6 30. Nxd6 Qxd6 31. Qc4 Qf4 32. g3 Qg4 33. Bg8+ Kh8 34. Be6 Qf3 35. Bd5 Qf5 36. Rd1 Qc2 37. Rxd4 Bxd4 38. Qxd4+ Kh7 39. Qxa7+ Kh8 40. Qb8+ Kg7 41. Qg8+ Kf6 42. Qe6+ Kg5 43. f4+ Kh5 44. Bf3# 1-0

[Event "EYCC 2017"]
[Site "Mamaia"]
[Date "2017.09.14"]
[Round "9"]
[White "Antova, Gabriela"]
[Black "Sliwicka, Alicja"]
[Result "1-0"]
[WhiteElo "2256"]
[BlackElo "2230"]
[Annotator "TA"]
[PlyCount "101"]
[EventDate "2017.??.??"]
[EventType "swiss"]
[EventCountry "ROU"]
[SourceTitle "playchess.com"]
[Source "ChessBase"]
[SourceQuality "1"]

1. d4 Nf6 2. c4 g6 3. Nf3 Bg7 4. g3 O-O 5. Bg2 d5 6. cxd5 Nxd5 7. O-O Nb6 8. Nc3 Nc6 9. e3 Re8 10. Nh4 a5 11. f4 e6 12. Qe2 a4 13. Rd1 Qe7 14. Nf3 Rd8 15. Bd2 Na5 16. Be1 Bd7 17. Rac1 Nbc4 18. b3 Nb6 19. Rb1 axb3 20. axb3 Nd5 21. Ne4 b6 22. b4 Nc6 23. b5 Na7 24. Nc3 Rab8 25. Ne5 Be8 26. e4 Nxc3 27. Bxc3 c6 28. bxc6 Nxc6 29. Kh1 Rdc8 30. d5 Nxe5 31. d6 Qd7 32. Bxe5 Bxe5 33. fxe5 Rc5 34. Qb2 b5 35. Qd4 Rbc8 36. Bf1 Kg7 37. Kg1 h6 38. Ra1 Kh7 39. Rab1 Kg7 40. Ra1 Kh7 41. Ra5 Kg7 42. Rda1 Qd8 43. Ra7 R5c7 44. Qf2 Rxa7 45. Rxa7 Ra8 46. Re7 Kh7 47. Qf6 Qb6+ 48. Kh1 Qc6 49. d7 Qxe4+ 50. Kg1 Ra2 51. Rxf7+ 1-0

[Event "EYCC 2017"]
[Site "Mamaia"]
[Date "2017.09.14"]
[Round "9"]
[White "Georgescu, Lena"]
[Black "Avetisyan, Mariam"]
[Result "0-1"]
[WhiteElo "2246"]
[BlackElo "1976"]
[Annotator "TA"]
[PlyCount "82"]
[EventDate "2017.??.??"]
[EventType "swiss"]
[EventCountry "ROU"]
[SourceTitle "playchess.com"]
[Source "ChessBase"]
[SourceQuality "1"]

1. e4 e6 2. d4 d5 3. Nc3 Bb4 4. exd5 exd5 5. Bd3 Nf6 6. Nge2 O-O 7. O-O c6 8. a3 Bd6 9. Bf4 Bg4 10. f3 Bh5 11. Qd2 Bg6 12. Bxg6 hxg6 13. Be5 Na6 14. Rad1 Re8 15. f4 Ng4 16. h3 Nh6 17. Bxd6 Qxd6 18. Ng3 Re7 19. Rde1 Rae8 20. Re5 f6 21. Rxe7 Rxe7 22. Rf2 Nc7 23. Qd3 Kf7 24. Nce2 Qd7 25. Kf1 Nb5 26. Rf3 Nd6 27. Re3 Nc4 28. Rxe7+ Qxe7 29. Qc3 Ne3+ 30. Kg1 Nd1 31. Qb3 Qe3+ 32. Qxe3 Nxe3 33. c3 Nc4 34. b3 Nxa3 35. Kf2 a5 36. Ke3 Nf5+ 37. Nxf5 gxf5 38. Kd2 Nb5 39. g4 Nd6 40. gxf5 Nxf5 41. Kc2 Kg6 0-1

[Event "EYCC 2017"]
[Site "Mamaia"]
[Date "2017.09.14"]
[Round "9"]
[White "Can, Isik"]
[Black "Lopez Varela, Pablo"]
[Result "1-0"]
[WhiteElo "2239"]
[BlackElo "1951"]
[Annotator "TA"]
[PlyCount "35"]
[EventDate "2017.??.??"]
[EventType "swiss"]
[EventCountry "ROU"]
[SourceTitle "playchess.com"]
[Source "ChessBase"]
[SourceQuality "1"]

1. e4 e5 2. Nf3 d6 3. d4 exd4 4. Nxd4 Nf6 5. Nc3 Be7 6. g3 d5 7. e5 Ng4 8. Bg2 Nxe5 9. Qe2 Nec6 10. Be3 Be6 11. Nxe6 fxe6 12. Qg4 Kf7 13. O-O-O Qe8 14. Nxd5 exd5 15. Bxd5+ Kf8 16. Qf5+ Bf6 17. Bc5+ Ne7 18. Rhe1 1-0

[Event "EYCC 2017"]
[Site "Mamaia"]
[Date "2017.09.14"]
[Round "9"]
[White "Schneider, Jana"]
[Black "Ciocan, Maria-Alexandra"]
[Result "1-0"]
[WhiteElo "2231"]
[BlackElo "2015"]
[Annotator "TA"]
[PlyCount "57"]
[EventDate "2017.??.??"]
[EventType "swiss"]
[EventCountry "ROU"]
[SourceTitle "playchess.com"]
[Source "ChessBase"]
[SourceQuality "1"]

1. e4 e6 2. d4 d5 3. Nd2 Nc6 4. Ngf3 Nf6 5. e5 Nd7 6. Bd3 Nb4 7. Be2 c5 8. c3 Nc6 9. O-O cxd4 10. cxd4 g6 11. Nb3 Bg7 12. Bg5 f6 13. exf6 Nxf6 14. Bd3 Qb6 15. Re1 O-O 16. Qd2 a5 17. Rac1 Ng4 18. h3 a4 19. Nc5 Nxd4 20. hxg4 Rxf3 21. Be3 Rf8 22. Bxg6 Qa5 23. Bxh7+ Kh8 24. Qd3 b6 25. Bxd4 Bxd4 26. Qxd4+ Kxh7 27. Nb7 Qb5 28. Rc7+ Bd7 29. Nd6 1-0

[Event "EYCC 2017"]
[Site "Mamaia"]
[Date "2017.09.14"]
[Round "9"]
[White "Ileana, George"]
[Black "Martinovici, Ilie"]
[Result "1-0"]
[WhiteElo "2219"]
[BlackElo "2197"]
[Annotator "TA"]
[PlyCount "103"]
[EventDate "2017.??.??"]
[EventType "swiss"]
[EventCountry "ROU"]
[SourceTitle "playchess.com"]
[Source "ChessBase"]
[SourceQuality "1"]

1. e4 e5 2. Nf3 Nc6 3. Bc4 Bc5 4. c3 Nf6 5. d3 d6 6. Nbd2 a6 7. Bb3 Ba7 8. O-O O-O 9. h3 h6 10. Re1 Be6 11. Nf1 d5 12. exd5 Nxd5 13. N1h2 Qd6 14. Ng4 Bxg4 15. hxg4 Rad8 16. Nh4 Nde7 17. Nf5 Qxd3 18. Qxd3 Rxd3 19. Nxe7+ Nxe7 20. Rxe5 Ng6 21. Re4 c6 22. Kf1 Rdd8 23. g5 h5 24. Bc2 Rd5 25. Ke2 Rfd8 26. a4 a5 27. Ra3 Bc5 28. Rb3 b6 29. c4 R5d6 30. Rh3 h4 31. Rb3 Bd4 32. f4 Nf8 33. f5 g6 34. f6 Re6 35. Rh3 Rxe4+ 36. Bxe4 Re8 37. Rxh4 Nd7 38. Kf1 c5 39. Bc6 Rd8 40. b3 Ne5 41. Bd5 Nd3 42. Bd2 Re8 43. Rh3 Ne5 44. Rh6 Ng4 45. Rh4 Ne5 46. g3 Rd8 47. Bf4 Nd3 48. Rh6 Nxf4 49. gxf4 Be3 50. Rxg6+ Kf8 51. Rh6 Ke8 52. Bc6+ 1-0

[Event "EYCC 2017"]
[Site "Mamaia"]
[Date "2017.09.14"]
[Round "9"]
[White "Antolak, Julia"]
[Black "Gitu, Paula-Alexandra"]
[Result "1-0"]
[WhiteElo "2212"]
[BlackElo "1948"]
[Annotator "TA"]
[PlyCount "83"]
[EventDate "2017.??.??"]
[EventType "swiss"]
[EventCountry "ROU"]
[SourceTitle "playchess.com"]
[Source "ChessBase"]
[SourceQuality "1"]

1. e4 d6 2. d4 Nf6 3. Nc3 e5 4. Nf3 Nbd7 5. Bc4 Be7 6. a4 c6 7. O-O O-O 8. h3 Qc7 9. Re1 b6 10. Be3 a6 11. Ba2 Bb7 12. Nh4 g6 13. Nf3 exd4 14. Qxd4 c5 15. Qc4 Nh5 16. Bh6 Ng7 17. Rad1 Bc6 18. Nd5 Bxd5 19. Qxd5 Nf6 20. Qd2 b5 21. axb5 axb5 22. Bd5 Nxd5 23. Qxd5 Rfd8 24. Nh2 Ne8 25. Qd2 Bf6 26. Ng4 Bxb2 27. c3 Ba3 28. Qg5 f6 29. Nxf6+ Nxf6 30. Qxf6 c4 31. Rd5 b4 32. cxb4 Bxb4 33. Rc1 c3 34. Qd4 Rab8 35. Rc2 Qf7 36. e5 Bc5 37. e6 Qa7 38. Qxc3 Re8 39. Re2 Rbc8 40. Qf6 Re7 41. Rd3 Rce8 42. Rf3 1-0

[Event "EYCC 2017"]
[Site "Mamaia"]
[Date "2017.09.14"]
[Round "9"]
[White "Manafov, Vugar"]
[Black "Zachary, Matheo"]
[Result "1/2-1/2"]
[WhiteElo "2204"]
[BlackElo "2325"]
[Annotator "TA"]
[PlyCount "59"]
[EventDate "2017.??.??"]
[EventType "swiss"]
[EventCountry "ROU"]
[SourceTitle "playchess.com"]
[Source "ChessBase"]
[SourceQuality "1"]

1. d4 d5 2. c4 c6 3. Nc3 Nf6 4. e3 Bf5 5. cxd5 cxd5 6. Qb3 Nc6 7. Qxb7 Bd7 8. Qb3 Rb8 9. Qd1 e5 10. dxe5 Nxe5 11. Be2 Bd6 12. Nf3 O-O 13. O-O Qe7 14. Qd4 Rfc8 15. a3 Bc6 16. Nxe5 Bxe5 17. Qh4 Qc5 18. Rd1 Bxc3 19. bxc3 Ne4 20. Bg4 Re8 21. a4 Qxc3 22. Ba3 Bxa4 23. Rdc1 Qd2 24. Bf5 h6 25. Qf4 Rb3 26. Bxe4 dxe4 27. Bc5 Rd3 28. Bxa7 Bc2 29. Qc7 Rc3 30. Qb7 1/2-1/2

[Event "EYCC 2017"]
[Site "Mamaia"]
[Date "2017.09.14"]
[Round "9"]
[White "Nordquelle, Daniel"]
[Black "Kosakowski, Jakub"]
[Result "0-1"]
[WhiteElo "2203"]
[BlackElo "2332"]
[Annotator "TA"]
[PlyCount "100"]
[EventDate "2017.??.??"]
[EventType "swiss"]
[EventCountry "ROU"]
[SourceTitle "playchess.com"]
[Source "ChessBase"]
[SourceQuality "1"]

1. e4 c5 2. Ne2 Nf6 3. Nbc3 d6 4. g3 g6 5. Bg2 Bg7 6. O-O Nc6 7. d3 O-O 8. h3 Rb8 9. f4 Nd7 10. g4 e6 11. Ng3 b5 12. e5 b4 13. Bxc6 bxc3 14. bxc3 dxe5 15. f5 exf5 16. gxf5 e4 17. dxe4 Bxc3 18. Bf4 Rb6 19. Bd5 Ba6 20. Rf3 Bd4+ 21. Kg2 Qh4 22. Qd2 Qe7 23. c3 Bf6 24. Re1 Ne5 25. Bxe5 Qxe5 26. Qe3 Be7 27. Kh1 Bb7 28. c4 Bxd5 29. exd5 Qxe3 30. Rfxe3 Bf6 31. Re8 Bd4 32. R8e7 Bf2 33. Kg2 Bxe1 34. Rxe1 Rb2+ 35. Kf3 Kg7 36. Ne4 Rc2 37. f6+ Kh6 38. Nd6 Kg5 39. Re7 Kxf6 40. Rxa7 Ke5 41. Nxf7+ Kd4 42. Re7 Kxc4 43. d6 Rxa2 44. Kg4 Rg2+ 45. Kh4 Rd2 46. d7 Rd5 47. d8=Q Rfxd8 48. Nxd8 Rxd8 49. Rxh7 Kd3 50. Rc7 Rd5 0-1

[Event "EYCC 2017"]
[Site "Mamaia"]
[Date "2017.09.14"]
[Round "9"]
[White "Kanakova, Natalie"]
[Black "Sieber, Fiona"]
[Result "1-0"]
[WhiteElo "2186"]
[BlackElo "2248"]
[Annotator "TA"]
[PlyCount "69"]
[EventDate "2017.??.??"]
[EventType "swiss"]
[EventCountry "ROU"]
[SourceTitle "playchess.com"]
[Source "ChessBase"]
[SourceQuality "1"]

1. e4 c5 2. Nf3 d6 3. d4 cxd4 4. Nxd4 Nf6 5. Nc3 Nc6 6. Bg5 e6 7. Qd2 a6 8. O-O-O Bd7 9. f4 b5 10. Bxf6 gxf6 11. Kb1 Qb6 12. Nxc6 Bxc6 13. f5 h5 14. fxe6 fxe6 15. Bd3 b4 16. Ne2 Bh6 17. Qe1 Ke7 18. Rf1 Rag8 19. g3 Qc5 20. Nf4 Bxf4 21. gxf4 a5 22. e5 dxe5 23. fxe5 Qxe5 24. Qf2 Rh6 25. Qa7+ Bd7 26. Bc4 Rd8 27. Bxe6 Qxe6 28. Rfe1 f5 29. Qc5+ Kf7 30. Rxe6 Rxe6 31. Qxf5+ Ke7 32. Qh7+ Ke8 33. Qg8+ Ke7 34. Qg7+ Ke8 35. Rf1 1-0

[Event "EYCC 2017"]
[Site "Mamaia"]
[Date "2017.09.14"]
[Round "9"]
[White "Gueci, Tea"]
[Black "Asatryan, Sona"]
[Result "1/2-1/2"]
[WhiteElo "2181"]
[BlackElo "2043"]
[Annotator "TA"]
[PlyCount "92"]
[EventDate "2017.??.??"]
[EventType "swiss"]
[EventCountry "ROU"]
[SourceTitle "playchess.com"]
[Source "ChessBase"]
[SourceQuality "1"]

1. e4 e5 2. Nf3 Nc6 3. Bb5 a6 4. Ba4 Nf6 5. O-O Be7 6. d3 b5 7. Bb3 d6 8. a4 Bd7 9. c3 Na5 10. Bc2 c5 11. d4 Qb8 12. Bg5 Bg4 13. h3 Bh5 14. Nbd2 O-O 15. Re1 cxd4 16. cxd4 Rc8 17. g4 Bg6 18. Bd3 Nc4 19. Qb1 h6 20. Bh4 Nxd2 21. Nxd2 Nxe4 22. Nxe4 Bxh4 23. dxe5 dxe5 24. axb5 axb5 25. Rxa8 Qxa8 26. Bxb5 Qa5 27. Bd3 Bxe4 28. Bxe4 Qd2 29. Rf1 Rb8 30. b3 Qc3 31. Bd5 Rd8 32. Bc4 Qxh3 33. Qf5 Bf6 34. Qg6 Rd7 35. Qf5 Rd4 36. Be2 Qxb3 37. Rb1 Qe6 38. Rb8+ Rd8 39. Rxd8+ Bxd8 40. Qe4 g6 41. Bc4 Qf6 42. Kg2 Kg7 43. Be2 Bb6 44. Bf3 Bd4 45. Qe2 Qh4 46. Be4 Qg5 1/2-1/2

[Event "EYCC 2017"]
[Site "Mamaia"]
[Date "2017.09.14"]
[Round "9"]
[White "Ponomarev, Grigori"]
[Black "Muradyan, Robert"]
[Result "1/2-1/2"]
[WhiteElo "2165"]
[BlackElo "1846"]
[Annotator "TA"]
[PlyCount "99"]
[EventDate "2017.??.??"]
[EventType "swiss"]
[EventCountry "ROU"]
[SourceTitle "playchess.com"]
[Source "ChessBase"]
[SourceQuality "1"]

1. e4 Nf6 2. Nc3 e5 3. g3 Nc6 4. Bg2 Bc5 5. Nf3 d6 6. d3 a6 7. O-O h6 8. Be3 Bxe3 9. fxe3 Bg4 10. Qd2 Bxf3 11. Rxf3 Ne7 12. Ne2 O-O 13. Raf1 c6 14. h3 d5 15. exd5 cxd5 16. g4 Rc8 17. Ng3 Qc7 18. Rxf6 gxf6 19. e4 Qb6+ 20. Kh1 f5 21. exf5 Qf6 22. Nh5 Qg5 23. Qe1 f6 24. Qb4 Rf7 25. Qxb7 Rxc2 26. Qa8+ Kh7 27. Qe8 Qg8 28. Nxf6+ Rxf6 29. Qxe7+ Qg7 30. Qxe5 h5 31. Rf4 Rc1+ 32. Kh2 hxg4 33. Rxg4 Qc7 34. Qxc7+ Rxc7 35. Bxd5 Rc2+ 36. Rg2 Rxg2+ 37. Kxg2 Kg7 38. Be6 Rf8 39. Kf3 Kf6 40. h4 Rh8 41. Kg4 Rd8 42. Bc4 Rd4+ 43. Kg3 a5 44. Kf3 Kxf5 45. Ke3 Rxh4 46. Kd2 Ke5 47. Kc3 Rh1 48. Kb3 Kd4 49. Ka3 Rh2 50. Kb3 1/2-1/2